| 000 | 00736cam a22002533a 4500 | ||
|---|---|---|---|
| 001 | 25469 | ||
| 003 | PGUSA | ||
| 005 | 20140828083540.0 | ||
| 008 | 080514s2008||||xxu|||||s|||||000 1 eng d | ||
| 040 |
_aPGUSA _beng |
||
| 042 | _adc | ||
| 050 | 4 | _aPZ | |
| 100 | 1 | _aThompson, Isabel | |
| 245 | 1 | 0 |
_aPretty Tales for the Nursery _h[electronic resource] / _cIsabel Thompson |
| 260 |
_bProject Gutenberg, _c2008 |
||
| 506 | _aPublic domain in the USA. | ||
| 516 | _aElectronic text | ||
| 653 | _aChildren -- Conduct of life -- Juvenile fiction | ||
| 653 | _aChildren's stories | ||
| 700 | 1 |
_aGilbert, John, _cSir, _d1817-1897 |
|
| 830 | 0 |
_aProject Gutenberg _v25469 |
|
| 856 | 4 | 0 | _uhttp://www.gutenberg.org/ebooks/25469 |
| 942 | _cEB | ||
| 999 |
_c254724 _d254724 |
||